CBI/GVA Grimley survey of property trends (Record no. 105522)

MARC details
000 -LEADER
fixed length control field 01481cam a2200253 4500
001 - CONTROL NUMBER
control field ##L134032
008 - FIXED-LENGTH DATA ELEMENTS--GENERAL INFORMATION
fixed length control field 060704n2006 000 0 eng u
035 ## - SYSTEM CONTROL NUMBER
System control number (Sirsi) u134032
041 0# - LANGUAGE CODE
Language code of text/sound track or separate title eng
050 04 - LIBRARY OF CONGRESS CALL NUMBER
Classification number 332.6324 $2 18
110 2# - MAIN ENTRY--CORPORATE NAME
Corporate name or jurisdiction name as entry element GVA Grimley
9 (RLIN) 3646
245 00 - TITLE STATEMENT
Title CBI/GVA Grimley survey of property trends
Remainder of title summer 2006
260 ## - PUBLICATION, DISTRIBUTION, ETC.
Place of publication, distribution, etc. London
Name of publisher, distributor, etc. GVA Grimley
Date of publication, distribution, etc. 2006
490 #0 - SERIES STATEMENT
Series statement CBI/GVA Grimley Survey of Property Trends
505 2# - FORMATTED CONTENTS NOTE
Formatted contents note Executive summary -- Definitions -- Change in property holdings -- Change in property holdings by sector -- Capital expenditure on property -- Business optimism -- Business output -- Employment change -- Conclusions
520 ## - SUMMARY, ETC.
Summary, etc. Occupier demand has slowed over the last six months, and is likely to remain quiet over the next six. However, business optimism has undergone a turnaround over the last six months, with the highest level since mid-2004, and this should produce stronger property demand in 2007. GVA Grimley's bi-annual survey for the CBI collects data from occupiers of office, distribution, retail, and manufacturing property from all sectors of the economy.
590 ## - LOCAL NOTE (RLIN)
Local note IKA040706 NTK
650 24 - SUBJECT ADDED ENTRY--TOPICAL TERM
Topical term or geographic name entry element CBI/GVA GRIMLEY SURVEY OF PROPERTY TRENDS
651 #4 - SUBJECT ADDED ENTRY--GEOGRAPHIC NAME
Geographic name United Kingdom
Chronological subdivision
690 ## - LOCAL SUBJECT ADDED ENTRY--TOPICAL TERM (OCLC, RLIN)
Topical term or geographic name as entry element PROPERTY-COMMERCIAL PROPERTY-COMMERCIAL PROPERTY MARKET
710 2# - ADDED ENTRY--CORPORATE NAME
Corporate name or jurisdiction name as entry element Confederation of British Industry
9 (RLIN) 414
856 40 - ELECTRONIC LOCATION AND ACCESS
Uniform Resource Identifier <a href="https://www.gvagrimley.co.uk/">https://www.gvagrimley.co.uk/</a>
Public note View the item free of charge at www.gvagrimley.co.uk...
942 ## - ADDED ENTRY ELEMENTS (KOHA)
Suppress in OPAC 0
Holdings
Withdrawn status Lost status Source of classification or shelving scheme Damaged status Not for loan Home library Current library Shelving location Date acquired Total Checkouts Full call number Barcode Date last seen Copy number Price effective from Koha item type
    Dewey Decimal Classification     Virtual Virtual Online 04/07/2006   ONLINE PUBLICATION 134032-1001 06/08/2019 1 06/08/2019 Book